Μορφολογικά και ιζηματολογικά χαρακτηριστικά παραλιών Βόρειου Αιγαίου : η περίπτωση του Δυτικού τμήματος του κόλπου των Βατερών : πτυχιακή εργασία

Αποθηκεύτηκε σε:
Λεπτομέρειες βιβλιογραφικής εγγραφής
Κύριος συγγραφέας: Βαλαής, Γιώργος
Συγγραφή απο Οργανισμό/Αρχή: Πανεπιστήμιο Αιγαίου Σχολή Περιβάλλοντος Τμήμα Επιστημών της Θάλασσας
Μορφή: Thesis Βιβλίο
Γλώσσα:Greek
Δημοσίευση: 2004.
Θέματα:
Ετικέτες: Προσθήκη ετικέτας
Δεν υπάρχουν, Καταχωρήστε ετικέτα πρώτοι!

MARC

LEADER 00000cam a2200000 i 4500
001 1/24799
008 060221s2004 gr | ||| |||| ||gre||
035 |l 10082755 
040 |a GR-MyUa  |b gre  |e AACR2 
041 0 |a gre 
082 7 |a 551.36   |2 (22) 
100 1 |a Βαλαής, Γιώργος. 
245 1 0 |a Μορφολογικά και ιζηματολογικά χαρακτηριστικά παραλιών Βόρειου Αιγαίου :   |b η περίπτωση του Δυτικού τμήματος του κόλπου των Βατερών : πτυχιακή εργασία /   |c Βαλάη Γιώργου ; υπεύθυνος καθηγητής Α.Φ. Βελεγράκης. 
260 |c 2004. 
300 |a 70 σ., 21 σ. :   |b εικ., διαγρ. ;   |c 30 εκ. 
500 |a Υπάρχει ψηφιακό αντίγραφο. 
502 |a Πτυχιακή εργασία – Πανεπιστήμιο Αιγαίου, Λέσβος, 2004. 
504 |a Βιβλιογραφία: σ. 68-70. 
650 0 |a Coasts  |z Greece  |z Lesbos (Municipality) 
650 0 |a Dissertations, Academic  |z Greece. 
650 0 |a Coastal sediments  |z Greece  |z Lesbos (Municipality) 
650 0 |a Marine sediments  |z Greece  |z Lesbos (Municipality) 
650 0 |a Sedimentation and deposition  |z Greece  |z Lesbos (Municipality) 
700 1 |a Βελεγράκης, Αντώνιος Φ.  |e dgs 
710 2 |a Πανεπιστήμιο Αιγαίου  |b Σχολή Περιβάλλοντος  |b Τμήμα Επιστημών της Θάλασσας. 
852 |a INST  |b LESVOS  |c DIATR  |e 20060221  |h 81  |p 005100036016  |q 005100036016  |t DIE  |y 23 
852 |a INST  |b LESVOS  |c DIATR  |e 20060221  |h 82  |p 005100035724  |q 005100035724  |t DIE  |y 23 
901 |a BIBL1-2005-2 
924 |a Βαλαής  |b Γιώργος  |y Λέσβος  |z 2005-01 
970 |a ΜΑΡΙΝΑΤΟΥ  |b ΜΥΡΣΙΝΗ  |z 2006/02/21